Score 0/16 Timer 04:00
8 Plays Today
% Correct
Facebook
94.3%
YouTube
89.5%
Twitter
88%
Snapchat
85.3%
Pinterest
84.9%
LinkedIn
80.8%
Instagram
79.1%
Reddit
77.9%
% Correct
Vine
62.1%
Myspace
56.5%
Tumblr
55.2%
Viber
54.8%
Foursquare
54.8%
Digg
47.8%
Flickr
44.3%
StumbleUpon
42.7%

You're not logged in!

Compare scores with friends on all Sporcle quizzes.
OR
Log In

Sporcle TV

Today on Sporcle TV


Watch our educational content, quiz creation guides, and fun videos on Sporcle TV.

Show Comments

Extras

Top Quizzes Today


Score Distribution

Paid Content

Your Account Isn't Verified!

In order to create a playlist on Sporcle, you need to verify the email address you used during registration. Go to your Sporcle Settings to finish the process.

Report this User

Report this user for behavior that violates our Community Guidelines.

Details: